Responses for Show #1470 - Friday, January 11, 1991

Contestants

[<< previous game]

Andrea Gray, a data systems manager from Charlotte, North Carolina

Pat Headley, a grad student from Alliance, Ohio

Shane Pederson, a statistician originally from Fulda, Minnesota (whose 2-day cash winnings total $8,700)

[next game >>]

Jeopardy! Round responses

POETRY
THE CALENDAR
SUPERSTITIONS
TELEVISION
IN THE DICTIONARY
ELEANOR ROOSEVELT
    $100 26
a joy forever

Pat
    $100 1
January

Andrea
    $100 11
four-leaf clover

Shane
    $100 2
June Lockhart

Shane
    $100 21
them

Pat
    $100 16
George Washington

Pat
    $200 27
thine eyes

Pat
    $200 7
spring, summer & fall

Shane
    $200 12
rabbit

Pat
    $200 3
(Andrea: Who is Guy Madison?)
(Alex: You were close, Andrea. Who is [*]. Guy Madison was Wild Bill Hickok.)

Guy Williams

Andrea
Triple Stumper
    $200 22
2

Andrea
    $200 17
United Nations

Pat
    $300 28
(Andrea: What is a cell?)

cage

Andrea
Triple Stumper
    $300 8
Gregorian

Pat
    $300 13
garlic

Andrea
    $300 4
Angela Cartwright

Andrea
    $300 23
knee

Pat
    $300 18
Hyde Park

Triple Stumper
    $400 29
the fog

Pat
    $500 9
2001

Pat
    $400 14
Hope Diamond

Andrea
    $400 5
Billy Mumy

Triple Stumper
    $400 24
sheep

Triple Stumper
    $400 19
Fala

Pat
    $500 30
T.S. Eliot

Pat
    $500 10
July & August

Shane
    $500 15
throw it over your (left) shoulder

Shane
    $500 6
Lost in Space

Shane
    $500 25
jealousy blinds

Triple Stumper
    $500 20
Anna

Triple Stumper

Scores at the first commercial break (after clue 15):

Shane Pat Andrea
$1,900 $1,000 $900

Scores at the end of the Jeopardy! Round:

Shane Pat Andrea
$1,900 $3,300 $800

Double Jeopardy! Round responses

ANATOMY
PLAYWRIGHTS
FOREIGN EXCHANGE
SEAS
19th CENTURY AMERICA
MYTHOLOGICAL WOMEN
    $200 1
pupil

Shane
    $200 19
France

Pat
    $200 25
lira

Shane
    $200 6
Black Sea

Pat
    $200 14
Democrats

Shane
    $200 8
Helen of Troy

Andrea
    $400 2
plexus

Shane
    $400 20
Shaw

Andrea
    $400 26
Israel

Shane
    $400 7
Coral Sea

Andrea
    $400 15
(Andrew) Carnegie

Shane
    $400 9
Delos

Shane
    $600 3
septum

Shane
    $600 21
Edmond Rostand

Triple Stumper
    $600 27
rupee

Shane
    $600 10
Bering (or Beaufort)

Andrea
    $600 16
Tom Thumb

Triple Stumper
    $600 11
Penelope

Pat
    $800 4
platelets

Shane
    $800 22
(Thornton) Wilder

Shane
    $800 28
Spain

Pat
    $800 23
Caspian Sea

Andrea
    $800 17
Illinois

Pat
    $1,200 12
(Pat: Who is Medea?)

Electra

Pat
    $1000 5
[Applause for the run.]

spleen

Shane
    $1000 29
August Strindberg

Triple Stumper
    $1000 30
(Shane: What is the dollar?)

franc

Shane
Triple Stumper
    $1000 24
Adriatic

Shane
    $1000 18
(Shane: What is New Hampshire?)

Indiana

Shane
Triple Stumper
    $1000 13
(Andrea: Who is Medea?)
(Alex: You figured we were going to work Medea in there somehow, didn't you?)

Phaedra

Andrea
Triple Stumper

Scores at the end of the Double Jeopardy! Round:

Shane Pat Andrea
$6,900 $4,700 $2,200

[wagering suggestions for these scores]

Final Jeopardy! Round responses

BEST SELLERS
AndreaWhat is The Forsyte
$1,800
PatWhat is Roots?
$200
ShaneWhat is Roots?
$2,500
Roots

Final scores:

Shane Pat Andrea
$9,400 $4,900 $400
3-day champion: $18,100 2nd place: a trip on Delta to Orlando, Florida for Premier's Cruise & Disney Week 3rd place: Carson's comfortable chair + Nintendo Entertainment System with games

Game dynamics:

Coryat scores:

Shane Pat Andrea
$6,900 $5,800 $2,200
19 R
(including 1 DD),
2 W
17 R
(including 1 DD),
1 W
(including 1 DD)
10 R,
3 W

Combined Coryat: $14,900

[game clues] [game scores] [suggest correction]

Game tape date: 1990-10-09
The J! Archive is created by fans, for fans. Scraping, republication, monetization, and malicious use prohibited; this site may use cookies and collect identifying information. See terms. The Jeopardy! game show and all elements thereof, including but not limited to copyright and trademark thereto, are the property of Jeopardy Productions, Inc. and are protected under law. This website is not affiliated with, sponsored by, or operated by Jeopardy Productions, Inc. Join the discussion at JBoard.tv.